Statistics for Spanish Food Vocabulary Words Quiz

Click here to take the quiz!

General Stats

  • This quiz has been taken 31,992 times
    (31,989 since last reset)
  • The average score is 32 of 45

Answer Stats

EspañolEnglish% Correct
panbread
97%
pollochicken
95%
limónlemon
94%
carnemeat
93%
pescadofish
91%
arrozrice
91%
aguawater
91%
quesocheese
89%
cafécoffee
89%
lechemilk
89%
pastapasta
89%
tomatetomato
89%
naranjaorange
87%
manzanaapple
83%
huevoegg
83%
limonada lemonade
82%
vinowine
81%
jugojuice
80%
salsalt
79%
cervezabeer
78%
hieloice
77%
desayunobreakfast
76%
maízcorn
76%
azúcarsugar
74%
frijolesbeans
73%
cenadinner
72%
heladoice cream
70%
almuerzolunch
70%
mantequillabutter
67%
pimientapepper
63%
papapotato
63%
espinacaspinach
63%
uvagrape
62%
atúntuna
61%
camarónshrimp
55%
zanahoriacarrot
52%
cocococonut
50%
ajogarlic
43%
mielhoney
42%
galletacookie
39%
aguacateavocado
37%
sandíawatermelon
37%
mostazamustard
35%
cerezacherry
31%
bocadillosnack
20%

Score Distribution

Percentile by Number Answered

Percent of People with Each Score

Your Score History

You have not taken this quiz since the last reset